000 00677nam a22002537a 4500
003 UA-OsUOA
001 75192
007 ta
008 20110511b un ||||| |||| 00| 0 ukr d
100 _aЗоткин А.А.
090 _a323.3(477)
_bЗ-88
942 _cBK
040 _aUA-OsUOA
_brus
_cUA-OsUOA
_dUA-OsUOA
245 _a"Львы" и "лисы" украинской политики
300 _a340 с.
955 _a1
041 _arus
080 _a323.3(477)
020 _a978-966-00-0914-3
260 _aК.
_bНаукова думка
_c2010
246 3 1 _aО властвующей элите
_n
650 7 _a32 Політика
_2UDC
999 _c361488
_d361488